000 00523nam a2200169 i 4500
001 142398
003 ES-MaACL
005 20230906200519.0
007 t|
008 071005s1973 sp ||||1| spa d
100 1 _aVillacañas, Juan Antonio.
_9114906
245 1 0 _aRebelión de un recién nacido /
_cJuan Antonio Villacañas.
260 _aToledo :
_bCaja de Ahorros Provincial,
_c[1973]
300 _a98 p. ;
_c23 cm.
710 2 _aCaja de Ahorros Provincial de Toledo.
_92312
852 _aES-MaACL
_jC-55221
_bR.87996
999 _c142398
_d142398